| LEADER |
02028nam0a2200217 450 |
| 001 |
16835557 |
| 010 |
|
|
|a 978-2-37876-052-6
|b br.
|d 19,9
|
| 100 |
|
|
|a 20201116d2020 u u0frey01 ba
|
| 101 |
1 |
|
|a fre
|c
|
| 102 |
|
|
|a FR
|
| 200 |
0 |
|
|a neuvième maison (La)
|f Leigh Bardugo
|
| 207 |
|
1 |
|a
|
| 210 |
|
|
|a Paris
|c De Saxus
|d 2020
|
| 215 |
|
|
|a 1vol. (524 p.)
|d 22 cm
|
| 300 |
|
|
|a La page de titre porte pour mention : 'impossible à lacher' Stephen King
|
| 330 |
|
|
|a L'incursion envoûtante de Leigh Bardugo dans le fantastique adulte. Une histoire de pouvoir, de privilèges, de magie noire et de meurtre au coeur des sociétés secrètes de l'université Yale. Alex " Galaxy " Stern a vécu une adolescence chaotique. Élevée à Los Angeles par une mère hippie, elle a abandonné l'école très jeune pour se retrouver dans un monde sombre, violent et sans avenir. À 20 ans, elle est la seule survivante d'un horrible massacre inexpliqué, et c'est sur son lit d'hôpital qu'elle se voit offrir une seconde chance : rejoindre la prestigieuse université Yale en intégrant la maison Léthé. Cette entité, appelée La Neuvième Maison, surveille les huit sociétés secrètes de Yale ; ces dernières forment les futurs décideurs ainsi que les personnes influentes et pratiquent la magie sous différentes formes, bien souvent sinistres et dangereuses. Alex a été choisie, car elle possède un pouvoir rare et mystérieux : elle peut voir les fantômes. Alors que son mentor a disparu, elle va devoir enquêter sur le meurtre d'une jeune fille. Ce qu'elle va découvrir va bien au-delà de l'horreur... Élu meilleur roman fantastique aux Goodreads Choice Awards 2019, devant Erin Morgenstern, George R.R. Martin et Samantha Shannon. (Prix attribué tous les ans par les lecteurs).
|
| 700 |
|
0 |
|a Bardugo
|b Leigh
|4 70
|
| 701 |
|
0 |
|a Guillot
|b Sébastien
|f 1974-....
|4 730
|
| 900 |
|
|
|a Science Fiction
|
| 901 |
|
|
|a Accessible au prêt
|
| 995 |
|
|
|a Bibliothèque
|c Bibliothèque
|f 024021098
|h 024021098
|k SF BAR
|o p
|q a
|r az
|e Bibliothèque
|